Derechos humanos. Fuentes e instrumentos./ (Registro nro. 7982)

Detalles MARC
000 -LEADER
fixed length control field 01082nam a2200205Ia 4500
005 - FECHA Y HORA DE LA ÚLTIMA TRANSACCIÓN
control field 20241024111330.0
008 - FIXED-LENGTH DATA ELEMENTS--GENERAL INFORMATION
fixed length control field 230427s9999 xx 000 0 und d
020 ## - INTERNATIONAL STANDARD BOOK NUMBER
International Standard Book Number 9508850167
040 ## - CATALOGING SOURCE
Original cataloging agency UPAN
Transcribing agency Biblioteca San Vicente
Description conventions RCAA2
041 ## - LANGUAGE CODE
Language code of text/sound track or separate title spa
082 ## - DEWEY DECIMAL CLASSIFICATION NUMBER
Classification number 341.481
Item number T738d
año de publicación 1996
100 ## - MAIN ENTRY--PERSONAL NAME
Personal name Travieso, Juan Antonio.
Relator code aut.
245 #0 - TITLE STATEMENT
Title Derechos humanos. Fuentes e instrumentos./
Remainder of title Juan Antonio Travieso
250 ## - EDITION STATEMENT
Edition statement 1° ed.
260 ## - PUBLICATION, DISTRIBUTION, ETC. (IMPRINT)
Place of publication, distribution, etc Buenos Aires:
Name of publisher, distributor, etc Heliasta,
Date of publication, distribution, etc 1996
300 ## - PHYSICAL DESCRIPTION
Extent 508 p.:
Dimensions 23 cm.
505 ## - FORMATTED CONTENTS NOTE
Formatted contents note Preliminar. Fuentes bibliogràficas y documentales generales<br/>Capitulo 1. Los Derechos Humanos en la Constituciòn Argentina. Los Tratados<br/>Capitulo 2. Los Derechos Humanos en el Sistema de la ONU<br/>Capitulo 3. Los Derechos Humanos en el Sistema de la ONU<br/>Capitulo 4. Los Derechos Humanos en el Sistema de la ONU<br/>Capitulo 5. Los Derechos Humanos en el Sistema Europeo Comunitario <br/>Capitulo 6. Los Derechos Humanos en el Sistema Interamericano <br/>Capitulo 7. Los Convenios de Ginebra y el Derecho Humanitario
650 ## - SUBJECT ADDED ENTRY--TOPICAL TERM
Source of heading or term LEMB
Topical term or geographic name as entry element Derecho
942 ## - ADDED ENTRY ELEMENTS (KOHA)
Koha item type Libros
Source of classification or shelving scheme Dewey Decimal Classification
Existencias
Withdrawn status Lost status Source of classification or shelving scheme Damaged status Not for loan Collection code Home library Current library Date acquired Total Checkouts Full call number Barcode Date last seen Price effective from Koha item type
    Dewey Decimal Classification     Colección General Biblioteca UPAN San Vicente Biblioteca UPAN San Vicente 27/04/2023   341.481 T738d 12002581 27/04/2023 27/04/2023 Libros